LEADER 01274nam a2200277 i 4500 001 000000160060 003 CaOOAMICUS 005 20070312000000.0 008 070312s1982 it u000 u ita u 013 $a137423 040 $aSeMil$bita 100 1 $aWagner, Cosima.$0(OLS)http://semarc/name/42102 240 14$aDas zweite Leben Briefe und Aufzeichnungen 1883-1930.$0(OLS)http://semarc/title/142438 245 13$aLa mia vita a Bayreuth :$blettere e appunti 1883-1930 /$cCosima Wagner ; A cura di Dietrich Mack ; Traduzione dal tedesco di Umberto Gandini. 260 $aMilano :$bRusconi,$c1982. 300 $a905 p., [24] p. di tav. :$bill. ;$c22 cm. 500 $aFondo Card. Giovanni Colombo. 650 4$aWagner, Cosima - Lettere e carteggi.$0(OLS)http://semarc/subject/17299 700 1 $aGandini, Umberto,$d<1935-2021>.$0(OLS)http://semarc/name/18533 700 1 $aMack, Dietrich.$0(OLS)http://semarc/name/42103 850 $aSeMil 852 $aSeMil$W1$xVenegono$y1$m3Q III 29$j111551$B111551$CSeMilBibl$Z2$F121424 $81 941 1 $a3 961 $aLascito: Colombo Card. Giovanni 996 $6245$aLa mia vita a Bayreuth :$blettere e appunti 1883-1930$9(OLS)http://semarc/title/142437 996 $6260$aMilano :$bRusconi$9(OLS)http://semarc/publisher/30258 LEADER 01329nam a2200265 4500 001 000000330974 003 CaOOAMICUS 005 20181029162413.0 008 181029s2018 it a 000 u ita r 020 $a978-88-6570-495-0 040 $aSeMil$bita 100 1 $aPedroli, Alberto,$d<1950- >.$0(OLS)http://semarc/name/108408 245 00$aGioventù studentesca, Guernica club, Comunione e liberazione, 1955-1975 /$cAlberto Pedroli ; prefazione di Massimo Camisasca ; postfazione di Robi Ronza. 264 1$aVarese :$bMacchione,$c2018. 300 $a303 p. :$bill. ;$c21 cm 500 $aCon dedica autografa dell'A. 650 4$aComunione e liberazione .$0(OLS)http://semarc/subject/5394 700 1 $aRonza, Robi,$d<1941- >,$eautore di postfazione/colophon.$0(OLS)http://semarc/name/20705 700 1 $aCamisasca, Massimo,$c,$eautore di introduzione.$0(OLS)http://semarc/name/3404 850 $aSeMil 852 $aSeMil$W1$xVenegono$y1$m3E II 377$j210509$B224439$CSeMilBibl$Z2$F224439 $81 996 $6020$a978-88-6570-495-0$9(OLS)http://semarc/number/285492 996 $6245$aGioventù studentesca, Guernica club, Comunione e liberazione, 1955-1975$9(OLS)http://semarc/title/419599 996 $6264$aVarese :$bMacchione$9(OLS)http://semarc/publisher/34285